| 000 | 00328nam a2200121Ia 4500 | ||
|---|---|---|---|
| 008 | 220204s9999 xx 000 0 und d | ||
| 082 |
_a547.9 _bSUB.1 |
||
| 100 | _aSubash Chandra Rastogi | ||
| 245 | 0 | _aChemistry of natural products. V 1. Organic | |
| 260 |
_aMeerut _bJai Prakash Nath _c1975 |
||
| 650 | _aAlkaloids | ||
| 942 | _cBK | ||
| 999 |
_c24659 _d24659 |
||